One border, two transitions: Mexican migration to the United States as a two-way process (Record no. 41795)

000 -LEADER
fixed length control field 01384pab a2200169 454500
008 - FIXED-LENGTH DATA ELEMENTS--GENERAL INFORMATION
fixed length control field 180718b1999 xxu||||| |||| 00| 0 eng d
100 ## - MAIN ENTRY--PERSONAL NAME
Personal name Zahniser, Steven S.
245 ## - TITLE STATEMENT
Title One border, two transitions: Mexican migration to the United States as a two-way process
260 ## - PUBLICATION, DISTRIBUTION, ETC.
Date of publication, distribution, etc. 1999
300 ## - PHYSICAL DESCRIPTION
Extent p.1350-380
362 ## - DATES OF PUBLICATION AND/OR SEQUENTIAL DESIGNATION
Dates of publication and/or sequential designation Jun-Jul
520 ## - SUMMARY, ETC.
Summary, etc. This article employs a unique logit model developed by Yamaguchi to study Mexican migration to the United States. The model contains interaction terms between the previous year's migration decision and key explanatory variables. This innovation allows for the differential measurement of the variables' influence on the Mexico-to-U.S. and the U.S.-to-Mexico transitions. Migration is found to be a persistent phenomenon for its participants. Legal residents of the United States and persons with more dependent children are inclined either to remain in the United States or to participate in migration year after year. Female migrants are less likely to return to Mexico, whereas married migrants tend to follow a year of migration with 1 or more years spent entirely in Mexico. Surprisingly, macroeconomic indicators of expected wage differentials between the two countries explain little of migration behavior. - Reproduced
650 ## - SUBJECT ADDED ENTRY--TOPICAL TERM
Topical term or geographic name entry element Migration
650 ## - SUBJECT ADDED ENTRY--TOPICAL TERM
Topical term or geographic name entry element Immigration
773 ## - HOST ITEM ENTRY
Main entry heading American Behavioral Scientist
909 ## -
-- 41795
Holdings
Withdrawn status Lost status Damaged status Not for loan Permanent Location Current Location Date acquired Serial Enumeration / chronology Barcode Date last seen Price effective from Koha item type
        Indian Institute of Public Administration Indian Institute of Public Administration 2018-07-19 Volume no: 42, Issue no: 9 AR42172 2018-07-19 2018-07-19 Articles

Powered by Koha